000 00967nam a2200277 a 4500
001 1313
003 BR-CuiBMT
005 20231204232245.0
008 231204s2020 mtba 000 0 por d
020 _a9786555880441
040 _aBR-CuiBMT
_cBR-CuiBMT
080 _22007
_a94
_x(817.2)
090 _a94(817.2)
_bC966
_c1. ed.
245 1 _aCuiabá em enredos, tramas e paisagens :
_bhistória, cotidiano e sociedade /
_cAlexandra Lima da Silva... [et al.] ; Elizabeth Figueiredo de Sá, Nileide Souza Dourado, Renilson Rosa Ribeiro (orgs.).
250 _a1. ed.
260 _aCuiabá :
_bEdUFMT,
_c2020.
300 _a570 p.:
_bil.
_c23 cm
504 _a Inclui bibliografia.
650 _aHistória
_zCuiabá
650 _aCultura cuiabana
700 _4et al.
_aSilva, Alexandra Lima da
700 _4org.
_aSá, Elizabeth Figueiredo de
700 _4org.
_aDourado, Nileide Souza,
_b1955-
700 _4org.
_aRibeiro, Renilson Rosa
942 _2udc
_cLV
999 _c1313
_d1313